000 00559nam a22001817a 4500
999 _c8365
_d8365
008 201117b ||||| |||| 00| 0 eng d
040 _aBMS College of Architecture
100 _aShetty, Pratheeka
245 _aCentre for depressing and anxiety
300 _a48p.
500 _a1BM15AT070
502 _8B,Arch
_NBMS College of Architecture, Visvesvaraya Technological University (VTU)
_aProject report
_d2019
650 _aAnxiety
650 _aDepressing
700 _aAparna Raveendran
_eGuide
700 _aManohar Walvekar
_eGuide
942 _2ddc
_cTHE